| 000 | 01353nam2a22002651 4500 | ||
|---|---|---|---|
| 001 | rc\4155743 | ||
| 005 | 20250611112516.0 | ||
| 021 |
_aRU _b[52-21544] |
||
| 021 |
_aRU _b[52-5804] |
||
| 035 | _a(NLR Aleph) 008173059 | ||
| 090 |
_a7866967 _c7866967 |
||
| 100 | _a20130415f19521953|||y0rusy50 ca | ||
| 101 | 0 | _arus | |
| 102 | _aRU | ||
| 105 | _aa z ||||| | ||
| 200 | 1 |
_aНезависимо-действующая сигнализация _aЖезловая система _aПолуавтоматическая блокировка и механическая централизация |
|
| 210 |
_aМосква _cТрансжелдориздат _d1952-1953 |
||
| 215 |
_a504 с., 2 л. черт. _cил. |
||
| 461 | 0 |
_1001rc\4155742 _12001#$aСигнализация, централизация, блокировка$e[Учебник для техникумов ж.-д. транспорта$eЧ.] 1-3$v[Ч.] 1 _97866964 _cМосква _d1952-1953 _nТрансжелдориздат _o[Учебник для техникумов ж.-д. транспорта : Ч.] 1-3 _p3 т. _tСигнализация, централизация, блокировка _v[Ч.] 1 |
|
| 700 | 1 |
_aФедотьев _bП.В. _gПавел Викторович |
|
| 801 | 0 |
_aRU _bNLR _gpsbo |
|
| 801 | 1 |
_aRU _bELAR _2rusmarc |
|
| 852 |
_aNLR _jТ88 Г-5/283 |
||
| 942 | _cBOOK | ||
| 980 | _aNB | ||